SELECCIONA EL PAÍS: ASIA - Estadísticas

Estadísticas generales
  • Esta prueba ha sido intentada 647 veces
  • La puntuación promedio es 22 de 26
Respuestas en el mapa
Las respuestas están codificadas por una escala verde-roja en el mapa de la prueba según el % correcto abajo.
 
Estadísticas de respuestas
Respuesta % Correcto
India
94%
Corea del Sur
92%
Mongolia
92%
China
91%
Corea del Norte
91%
Japón
90%
Turquía
90%
Arabia
88%
Kazajistán
87%
Omán
87%
Filipinas
86%
Paquistán
86%
Indonesia
85%
Taliandia
85%
Afganistán
84%
Irán
84%
Israel
84%
Vietnam
84%
Laos
81%
Camboya
80%
Iraq
80%
Palestina
80%
Rusia
79%
Yemen
79%
Emiratos Árabes Unidos
78%
Siria
78%
No se encontraron pruebas coincidentes
Distribución de puntuación
Porcentaje de gente con cada puntuación
Porcentaje por número respondido
Historial de tus puntuaciones
No has intentado esta prueba.